000 00692nam a22002297a 4500
003 UA-OsUOA
001 88119
007 ta
008 20121001b un ||||| |||| 00| 0 ukr d
100 _aГоленищев-Кутузов И.
090 _a82.09(367)
_bГ60
942 _cBK
040 _aUA-OsUOA
_brus
_cUA-OsUOA
_dUA-OsUOA
245 _aСлавянские литературы
_bстатьи и исследования
300 _a480 с.
955 _a1
041 _arus
080 _a82.09(367)
260 _aМ.
_bХудожественная литература
_c1973
650 7 _a82 Література. Літературознавство
_2UDC
999 _c374493
_d374493